Alcaldes 2013 : entrevistes i perfils entorn de la gestió municipal entrevistes i perfils entorn de la gestió municipal
ISBN:
9788461672301
Descripción Física:
251 p. : il. col. ; 23 cm
Otros Autores:
Lleida. Diputació
Materias:
Alcaldes -- Catalunya -- Intervius
MARC
| LEADER | 00000nam a2200000Ia 4500 | ||
|---|---|---|---|
| 001 | 23862 | ||
| 008 | 160829s2013 xx 000 0 cat d | ||
| 020 | |a 9788461672301 | ||
| 080 | |a Bib-86 | ||
| 245 | |a Alcaldes 2013 : |b entrevistes i perfils entorn de la gestió municipal | ||
| 260 | |a Barcelona : |b Presston Comunicació, |c 2013 | ||
| 300 | |a 251 p. : |b il. col. ; |c 23 cm | ||
| 650 | 0 | |a Alcaldes |z Catalunya |v Intervius |9 49349 | |
| 700 | |a Lleida. Diputació | ||
| 710 | |a Tarragona (Catalunya : Província). |b Diputació |9 52402 | ||
| 710 | 1 | |a Girona (Catalunya : Província). |b Diputació |9 11479 | |
| 710 | 2 | |a Associació Catalana de Municipis |9 52965 | |
| 710 | 1 | |a Barcelona (Catalunya : Província). |b Diputació |9 52408 | |
| 710 | |a Federació de Municipis de Catalunya |9 52168 | ||
| 901 | |a Arxiu | ||
| 942 | |n 1 | ||
| 952 | |0 0 |1 0 |4 0 |6 BIB86 |7 1 |9 55277 |a Arxiu |b Arxiu |d 2016-12-01 |l 0 |o Bib-86 |p 23862 |r 2016-12-01 00:00:00 |w 2016-12-01 |y ARXIU | ||
| 999 | |c 59150 |d 59150 | ||